[Event "EU-ch U12 Girls 27th"]
[Site "Mamaia"]
[Date "2017.09.08"]
[Round "4"]
[White "Pashayeva, Jamila"]
[Black "Tokranova, Evelina"]
[Result "1-0"]
[WhiteElo "1451"]
[BlackElo "1243"]
[PlyCount "117"]
[EventDate "2017.09.05"]
[EventType "swiss"]
[EventRounds "9"]
[EventCountry "ROU"]
[SourceTitle "CBM 180 Extra"]
[Source "ChessBase"]
[SourceDate "2017.10.06"]
[SourceVersion "1"]
[SourceVersionDate "2017.10.06"]
[SourceQuality "1"]

1. d4 Nf6 2. c4 g6 3. Nc3 Bg7 4. e4 e6 5. Be2 b6 6. e5 Ng8 7. Bf3 c6 8. Ne4 Bf8 9. Bg5 Qc7 10. Nf6+ Nxf6 11. Bxf6 Rg8 12. Ne2 b5 13. cxb5 Qa5+ 14. Nc3 Bg7 15. Bxg7 Rxg7 16. bxc6 Nxc6 17. 0-0 Qb6 18. Bxc6 Qxc6 19. d5 exd5 20. Qxd5 Qxd5 21. Nxd5 Rb8 22. Rac1 Kd8 23. b3 Ba6 24. Rfd1 h5 25. Nf6 Bb5 26. Rd6 Rb7 27. Rcd1 Bc6 28. Rxc6 Ke7 29. Rcd6 h4 30. Rxd7+ Rxd7 31. Rxd7+ Ke6 32. Rxa7 Kxe5 33. Ng4+ Kf5 34. Ne3+ Ke4 35. Ra4+ Kd3 36. Rxh4 Rg8 37. Nc4 f6 38. Rh7 Re8 39. g3 Re6 40. a4 Kc3 41. Rb7 Re1+ 42. Kg2 Rb1 43. a5 Ra1 44. Rb6 Kd4 45. Rxf6 Kc3 46. Rxg6 Kxb3 47. Rg4 Kc3 48. h4 Ra4 49. h5 Rb4 50. h6 Rb8 51. a6 Rh8 52. a7 Kd3 53. h7 Rxh7 54. a8Q Rh5 55. Qa3+ Kc2 56. Ne3+ Kd2 57. Rd4+ Ke2 58. Qb2+ Ke1 59. Rd1# 1-0

[Event "EU-ch U12 Girls 27th"]
[Site "Mamaia"]
[Date "2017.09.05"]
[Round "1"]
[White "Sumarriva Paulin, Laura"]
[Black "Tokranova, Evelina"]
[Result "1-0"]
[WhiteElo "1660"]
[BlackElo "1243"]
[PlyCount "89"]
[EventDate "2017.09.05"]
[EventType "swiss"]
[EventRounds "9"]
[EventCountry "ROU"]
[SourceTitle "CBM 180 Extra"]
[Source "ChessBase"]
[SourceDate "2017.10.06"]
[SourceVersion "1"]
[SourceVersionDate "2017.10.06"]
[SourceQuality "1"]

1. d4 Nf6 2. c4 g6 3. Nc3 Bg7 4. Bg5 e6 5. Nf3 b6 6. h3 Bb7 7. e3 h6 8. Bh4 0-0 9. Be2 d6 10. 0-0 Nbd7 11. Qc2 Kh7 12. Rad1 Qe8 13. Bg3 Rc8 14. Rfe1 d5 15. cxd5 Bxd5 16. Nb5 c5 17. Nd6 Qe7 18. Nxc8 Rxc8 19. Qa4 Nb8 20. dxc5 Rxc5 21. Bxb8 Ra5 22. Qc2 Rc5 23. Qd3 Ne4 24. Qa3 a5 25. Rc1 Qb7 26. Rxc5 Nxc5 27. Be5 Bxe5 28. Nxe5 Bxg2 29. Kh2 Bd5 30. Ng4 Qc7+ 31. Kg1 Qd8 32. Qc3 Ne4 33. Qe5 f6 34. Qd4 h5 35. f3 e5 36. Qd1 Nd6 37. Qxd5 hxg4 38. Rd1 gxh3 39. Qxd6 Qg8 40. Qe7+ Kh6 41. Qxf6 Qb8 42. Qh4+ Kg7 43. Rd7+ Kg8 44. Qh7+ Kf8 45. Qh8# 1-0